Timber and forest products law (Record no. 16257)
[ view plain ]
| 000 -LEADER | |
|---|---|
| fixed length control field | 00383cam a2200157I 4500 |
| 040 ## - CATALOGING SOURCE | |
| Transcribing agency | COF |
| 082 ## - DEWEY DECIMAL CLASSIFICATION NUMBER | |
| Classification number | 634 FAL 1958 A105 Or. |
| 100 1# - MAIN ENTRY--AUTHOR NAME | |
| Personal name | Falk, Harry W |
| 245 10 - TITLE STATEMENT | |
| Title | Timber and forest products law |
| 250 ## - EDITION STATEMENT | |
| Edition statement | [1st ed.] |
| 260 ## - PUBLICATION, DISTRIBUTION, ETC. (IMPRINT) | |
| Place of publication | Berkeley, |
| Name of publisher | Howell-North, |
| Year of publication | 1958 |
| 300 ## - PHYSICAL DESCRIPTION | |
| Number of Pages | 365 p. |
| Dimensions | 24 cm |
| 650 #0 - SUBJECT ADDED ENTRY--TOPICAL TERM | |
| Topical Term | Forestry law and legislation |
| 650 #0 - SUBJECT ADDED ENTRY--TOPICAL TERM | |
| Topical Term | Lumbering |
| 942 ## - ADDED ENTRY ELEMENTS (KOHA) | |
| Koha item type | សៀវភៅភាសាអង់គ្លេស |
| 952 ## - LOCATION AND ITEM INFORMATION (KOHA) | |
| Withdrawn status [LOCAL, KOHA] | 0 |
| Permanent Location | Date acquired | Koha item type | Lost status | Shelving location | Barcode | Current Location | Full call number |
|---|---|---|---|---|---|---|---|
| Library Block A | 2018-01-26 | សៀវភៅភាសាអង់គ្លេស | A105 | A09671 | Library Block A | 634 FAL 1958 A105 Or. |